Nudi e crudi /

में बचाया:
ग्रंथसूची विवरण
मुख्य लेखक: Bennett, Alan, (1934- ) (लेखक)
अन्य लेखक: Arborio Mella, Giulia, Letizia, Claudia Valeria
स्वरूप: पुस्तक
भाषा:इतालवी
प्रकाशित: Milano : Adelphi, [2001]
श्रृंखला:Piccola biblioteca Adelphi ; 461
टैग: टैग जोड़ें
कोई टैग नहीं, इस रिकॉर्ड को टैग करने वाले पहले व्यक्ति बनें!

MARC

LEADER 00000nam a2200000 i 4500
001 IT\ICCU\LO1\0547673
003 ItRI
005 20260115231914.0
008 010419s2001 it |||||| ||||| |||||c
020 |a 8845916103 
020 |a 9788845916106 (23. ed. 2008) 
040 |b ita  |c importazione bologna sebina 
041 7 |a ita  |2 ISO-639-2 
082 |a 823.914  |9 NARRATIVA INGLESE, 1945-1999  |2 21 
100 1 |a Bennett, Alan,  |d  (1934- )  |0 IT\ICCU\MILV\115080  |4 aut 
240 1 4 |a The clothes they stood up in  |3 IT\ICCU\MOD\1629665  |9 Bennett, Alan <1934- > 
245 1 0 |a Nudi e crudi /  |c Alan Bennett ; traduzione di Giulia Arborio Mella e Claudia Valeria Letizia. 
260 |a Milano :  |b Adelphi,  |c [2001] 
300 |a 95 p. ;  |c 18 cm. 
700 1 |a Arborio Mella, Giulia  |0 IT\ICCU\RAVV\068958 
700 1 |a Letizia, Claudia Valeria  |0 IT\ICCU\RAVV\086665 
830 0 |a Piccola biblioteca Adelphi ;  |v 461  |0 IT\ICCU\CFI\0003745 
942 |2 ddc  |c BK  |n 0 
952 |0 0  |1 0  |4 0  |6 DOC_823_914000000000000_BEN  |7 0  |9 16066  |a BO  |b BO  |d 2026-01-15  |i 12910  |l 0  |o DOC 823.914 BEN  |p BO12910  |r 2026-01-15 23:19:14  |w 2026-01-15  |x [Sebina 5] [1 v.]  |y BK  |z 1 v. 
999 |c 13812  |d 13812